00520nam a2200169 i 4500001000300000100001900003245004000022250002300062260005500085650001100140655003000151040000800181041000800189080001400197008004100211856009800252bg1 aMOLENDA, Jacek 0aChemia techniczna /cJacek Malenda. aWyd.2 popr.i uzup. aWarszawa :bWydawnictwa Naukowo-Techniczne,c1978. 9aChemia aPodręczniki akademickie cBPK apol a54(075.8) s pl f |000 0 pol  uhttp://koha.tu.koszalin.pl/cgi-bin/koha/opac-detail.pl?biblionumber=17884yKatalog online BPK